ბათუმის შოთა რუსთაველის სახელმწიფო უნივერსიტეტის ბიბლიოთეკა

Контроль и автоматизация процессов переработки нефти и газа. (ბიბ.ჩანაწერი № 38242)

000 -LEADER
fixed length control field 00704nam a2200217Ia 4500
001 - CONTROL NUMBER
control field 4232
003 - CONTROL NUMBER IDENTIFIER
control field GE_BSU
008 - FIXED-LENGTH DATA ELEMENTS--GENERAL INFORMATION
fixed length control field 181216s||||||||xx |||||||||||||| ||und||
040 ## - CATALOGING SOURCE
Transcribing agency GE_BSU
080 ## - UNIVERSAL DECIMAL CLASSIFICATION NUMBER
Universal Decimal Classification number 665.5(075.8)
100 ## - MAIN ENTRY--PERSONAL NAME
Personal name Андерс, В.Р.
245 ## - TITLE STATEMENT
Title Контроль и автоматизация процессов переработки нефти и газа.
245 ## - TITLE STATEMENT
Remainder of title Учебник.
245 ## - TITLE STATEMENT
Statement of responsibility, etc. Вед. ред. А.А. Горъкова.
260 ## - PUBLICATION, DISTRIBUTION, ETC.
Place of publication, distribution, etc. М.
260 ## - PUBLICATION, DISTRIBUTION, ETC.
Name of publisher, distributor, etc. Недра.
260 ## - PUBLICATION, DISTRIBUTION, ETC.
Date of publication, distribution, etc. 1964.
300 ## - PHYSICAL DESCRIPTION
Extent 390стр. 22см.
653 ## - INDEX TERM--UNCONTROLLED
Uncontrolled term Контроль и автоматизация процессов переработки нефти и газа.
942 ## - ADDED ENTRY ELEMENTS (KOHA)
Koha item type წიგნი
ეგზემპლარები
Withdrawn status Lost status Damaged status Not for loan Date acquired Barcode Date last seen Price effective from Koha item type Public note
        2018-12-17 9517 2018-12-17 2018-12-17 წიგნი საცავი